[Event "BL 1213 SF Katernberg - SV Hockenheim"]
[Site "?"]
[Date "2012.10.20"]
[Round "1.6"]
[White "Bischoff, Klaus"]
[Black "Neubauer, Martin"]
[Result "1/2-1/2"]
[WhiteElo "2519"]
[BlackElo "2440"]
[PlyCount "118"]
[EventDate "2012.??.??"]

1. c4 g6 2. e4 e5 3. Nc3 Nc6 4. Nge2 Bc5 5. d3 d6 6. h3 f5 7. exf5 gxf5 8. g3
Be6 9. Bg2 Qd7 10. a3 a5 11. Nd5 a4 12. Be3 Bxe3 13. Nxe3 Nge7 14. d4 d5 15.
cxd5 Nxd5 16. dxe5 Nxe3 17. fxe3 Nxe5 18. Qd4 Nd3+ 19. Kd2 O-O-O 20. Qxd7+ Bxd7
21. Kxd3 Bb5+ 22. Kc2 Bxe2 23. Rhe1 Bc4 24. Kc3 b5 25. Bf1 Rhg8 26. Bxc4 bxc4
27. Rg1 Rd3+ 28. Kxc4 Rxe3 29. Raf1 Rgxg3 30. Rxg3 Rxg3 31. Rxf5 Rxh3 32. Kb4
Rh4+ 33. Kc3 Kb7 34. Rf6 c6 35. Rf7+ Kb6 36. Rg7 Kb5 37. Rb7+ Kc5 38. Ra7 h5
39. Ra5+ Kb6 40. Rg5 Rh2 41. Rf5 Rh3+ 42. Kc2 c5 43. Rf4 Kb5 44. Re4 h4 45. Rg4
Rh1 46. Rf4 h3 47. Rh4 h2 48. Rh8 c4 49. Rh7 c3 50. Rh8 Kc4 51. Rc8+ Kd4 52.
Rd8+ Ke5 53. Re8+ Kf6 54. Rh8 Kg6 55. Rh3 Kg5 56. Rh8 Kg4 57. Rg8+ Kh3 58. Rh8+
Kg2 59. Rg8+ Kf3 1/2-1/2

[Event "BL 1213 SF Katernberg - SV Hockenheim"]
[Site "?"]
[Date "2012.10.20"]
[Round "1.7"]
[White "Paehtz, Elisabeth"]
[Black "Siebrecht, Sebastian"]
[Result "1/2-1/2"]
[WhiteElo "2482"]
[BlackElo "2479"]
[PlyCount "83"]
[EventDate "2012.??.??"]

1. e4 c5 2. Nf3 e6 3. d4 cxd4 4. Nxd4 a6 5. Bd3 Bc5 6. Nb3 Be7 7. Qe2 d6 8. Be3
Nf6 9. N1d2 O-O 10. f4 Nc6 11. O-O e5 12. f5 Nb4 13. Nc4 Nxd3 14. cxd3 b5 15.
Nca5 Bd7 16. Rac1 Rc8 17. Bf2 h6 18. a3 Rxc1 19. Rxc1 Qa8 20. h3 Rc8 21. Rxc8+
Qxc8 22. Be1 Bd8 23. Bc3 Bb6+ 24. Kh2 Qc7 25. g3 Bc8 26. Kg2 Ba7 27. Nd2 Bb6
28. Ndb3 Nd7 29. Kf3 Nc5 30. Nxc5 Qxc5 31. Nb3 Qg1 32. Nd2 g6 33. g4 Bb7 34.
Nf1 d5 35. Ng3 dxe4+ 36. dxe4 Qc5 37. Bb4 Qc1 38. Qd2 Qc4 39. Bc3 Qc5 40. Bb4
Qc4 41. Bc3 Qc5 42. Bb4 1/2-1/2

[Event "BL 1213 SF Katernberg - SV Hockenheim"]
[Site "?"]
[Date "2012.10.20"]
[Round "1.8"]
[White "Thesing, Matthias"]
[Black "Wagner, Dennis"]
[Result "1-0"]
[WhiteElo "2399"]
[BlackElo "2456"]
[PlyCount "79"]
[EventDate "2012.??.??"]

1. e4 e5 2. Nf3 Nc6 3. Nc3 Nf6 4. d4 exd4 5. Nxd4 Bb4 6. Nxc6 bxc6 7. Bd3 d5 8.
exd5 cxd5 9. O-O O-O 10. Qf3 c6 11. h3 Bd6 12. Bf4 Rb8 13. b3 Rb4 14. Bxd6 Qxd6
15. Rfe1 h6 16. Na4 c5 17. c3 Rb7 18. c4 d4 19. Qg3 Qxg3 20. fxg3 Rc7 21. Re5
Re8 22. Rxc5 Rce7 23. Rd1 Bb7 24. Rf5 Re3 25. Nc5 Ba8 26. Kf2 Nh7 27. Rf4 Ng5
28. h4 Nh7 29. Rxd4 Nf6 30. g4 g6 31. Bf1 Kg7 32. g5 hxg5 33. hxg5 Nh7 34. Rd8
R3e5 35. Rxe8 Rxe8 36. Rd7 Nxg5 37. Rxa7 Bc6 38. Rc7 Ba8 39. b4 Re5 40. Rc8 1-0

[Event "BL 1213 Hamburger SK - OSG Baden Baden"]
[Site "?"]
[Date "2012.10.20"]
[Round "1.2"]
[White "Ghaem Maghami, Ehsan"]
[Black "Naiditsch, Arkadij"]
[Result "1/2-1/2"]
[WhiteElo "2557"]
[BlackElo "2704"]
[PlyCount "86"]
[EventDate "2012.??.??"]

1. e4 c5 2. Nf3 Nc6 3. Bb5 e6 4. O-O Nge7 5. b3 Nd4 6. Nxd4 cxd4 7. c3 a6 8.
Bd3 d5 9. cxd4 dxe4 10. Bxe4 Qxd4 11. Nc3 Ng6 12. Bb2 Be7 13. Qf3 Qa7 14. Rfe1
O-O 15. Nd5 exd5 16. Bxg6 fxg6 17. Qxd5+ Kh8 18. Bxg7+ Kxg7 19. Rxe7+ Kh6 20.
d4 Qb6 21. Rae1 Qf6 22. f3 Bf5 23. g4 Rad8 24. Qe5 Bxg4 25. Qxf6 Rxf6 26. fxg4
Rxd4 27. h3 Rf3 28. R7e3 Rxe3 29. Rxe3 Rd2 30. a4 Rb2 31. h4 b6 32. Rc3 a5 33.
Re3 Rd2 34. Re4 Rb2 35. Re3 Kg7 36. g5 Kf7 37. Kf1 h6 38. gxh6 Kg8 39. Re7 Rxb3
40. Rg7+ Kh8 41. Rxg6 Kh7 42. Rc6 Rb2 43. Ke1 Rb4 1/2-1/2

[Event "BL 1213 Hamburger SK - OSG Baden Baden"]
[Site "?"]
[Date "2012.10.20"]
[Round "1.3"]
[White "Vallejo Pons, Francisco"]
[Black "Hansen, Sune Berg"]
[Result "1-0"]
[WhiteElo "2700"]
[BlackElo "2566"]
[PlyCount "99"]
[EventDate "2012.??.??"]

1. e4 e5 2. Nf3 Nc6 3. Bb5 a6 4. Ba4 Nf6 5. O-O Be7 6. Re1 b5 7. Bb3 O-O 8. c3
d6 9. h3 Na5 10. Bc2 c5 11. d4 Qc7 12. Nbd2 Be6 13. Nf1 Nc4 14. Ng3 Nb6 15. d5
Bc8 16. Nh2 Re8 17. Qf3 g6 18. Bh6 Kh8 19. Ng4 Qd8 20. Nxf6 Bxf6 21. a4 Bg7 22.
Be3 Nxa4 23. Bxa4 bxa4 24. Rxa4 Bd7 25. Ra3 Rf8 26. c4 f5 27. Bd2 Bc8 28. b4
cxb4 29. Bxb4 Rb8 30. Ba5 Qe7 31. Qe2 Qa7 32. Qe3 Qxe3 33. fxe3 Rf7 34. exf5
gxf5 35. e4 f4 36. Nf1 Bf6 37. Nd2 Rg7 38. Rb1 Rxb1+ 39. Nxb1 Rb7 40. Nd2 Kg7
41. Bc3 Rb8 42. Kf2 Kg6 43. Nf3 Rb1 44. c5 dxc5 45. Nxe5+ Kh5 46. Nd3 Bg5 47.
Be5 c4 48. Nxf4+ Kh6 49. Ra4 Rc1 50. Rb4 1-0

[Event "BL 1213 Hamburger SK - OSG Baden Baden"]
[Site "?"]
[Date "2012.10.20"]
[Round "1.5"]
[White "Nielsen, Peter-Heine"]
[Black "Ftacnik, Lubomir Dr"]
[Result "1/2-1/2"]
[WhiteElo "2662"]
[BlackElo "2547"]
[PlyCount "43"]
[EventDate "2012.??.??"]

1. Nf3 Nf6 2. c4 c5 3. Nc3 e6 4. d4 cxd4 5. Nxd4 Nc6 6. g3 Bc5 7. e3 O-O 8. Bg2
d5 9. O-O Bxd4 10. cxd5 Bxc3 11. dxc6 bxc6 12. bxc3 Ba6 13. Ba3 Bxf1 14. Qxf1
Qd2 15. Bxf8 Rxf8 16. Qc4 Nd5 17. Qxc6 Qxc3 18. Rc1 Qxc6 19. Rxc6 Nb4 20. Rc7
Nxa2 21. Rxa7 Nb4 22. Rb7 1/2-1/2

[Event "BL 1213 Hamburger SK - OSG Baden Baden"]
[Site "?"]
[Date "2012.10.20"]
[Round "1.6"]
[White "Heinemann, Thies"]
[Black "Nisipeanu, Liviu-Dieter"]
[Result "0-1"]
[WhiteElo "2479"]
[BlackElo "2661"]
[PlyCount "70"]
[EventDate "2012.??.??"]

1. e4 c6 2. d4 d5 3. exd5 cxd5 4. Bd3 Nc6 5. c3 Qc7 6. Ne2 Bg4 7. Qa4 Bxe2 8.
Bxe2 e6 9. Bg5 Be7 10. Bxe7 Ngxe7 11. Nd2 O-O 12. Qd1 e5 13. dxe5 d4 14. O-O
dxc3 15. bxc3 Qxe5 16. Rc1 Rad8 17. Qe1 Rfe8 18. Nf3 Qf6 19. Rc2 Nd5 20. Qa1
Nf4 21. Bd1 Nb4 22. Rc1 Nbd3 23. Rc2 Qg6 24. g3 Nh3+ 25. Kg2 Ndf4+ 26. Kh1 Qd3
27. Nd2 Nxf2+ 28. Kg1 Nxd1 29. Qxd1 Ne2+ 30. Kg2 Nxc3 31. Qc1 Re2+ 32. Rf2
Rxf2+ 33. Kxf2 Qxc2 34. Qxc2 Rxd2+ 35. Qxd2 Ne4+ 0-1

[Event "BL 1213 Hamburger SK - OSG Baden Baden"]
[Site "?"]
[Date "2012.10.20"]
[Round "1.7"]
[White "Gustafsson, Jan"]
[Black "Sebastian, Dirk"]
[Result "1/2-1/2"]
[WhiteElo "2622"]
[BlackElo "2445"]
[PlyCount "51"]
[EventDate "2012.??.??"]

1. d4 g6 2. e4 Bg7 3. Nc3 d6 4. Bg5 Nc6 5. Nge2 Nf6 6. f3 O-O 7. Qd2 e5 8. d5
Ne7 9. O-O-O Ne8 10. g4 f6 11. Be3 f5 12. g5 f4 13. Bf2 Bd7 14. h4 h5 15. Kb1
b5 16. Nc1 b4 17. N3e2 a5 18. Bh3 Bxh3 19. Rxh3 Kh7 20. Rhh1 c5 21. dxc6 Nxc6
22. c3 Qc8 23. Nd3 Qa6 24. Nec1 Rf7 25. cxb4 axb4 26. Nxb4 1/2-1/2

[Event "BL 1213 Hamburger SK - OSG Baden Baden"]
[Site "?"]
[Date "2012.10.20"]
[Round "1.8"]
[White "Berger, Steve"]
[Black "Schlosser, Philipp"]
[Result "0-1"]
[WhiteElo "2400"]
[BlackElo "2579"]
[PlyCount "80"]
[EventDate "2012.??.??"]

1. e4 c5 2. Nf3 e6 3. d4 cxd4 4. Nxd4 a6 5. Nc3 Qc7 6. g3 Bb4 7. Bd2 Nf6 8. Bg2
Nc6 9. Nb3 Be7 10. O-O d6 11. a4 b6 12. f4 Nd7 13. Be3 O-O 14. g4 Rb8 15. g5
Re8 16. h4 Bb7 17. h5 Bf8 18. Rf2 Ba8 19. Qg4 Na5 20. Rd1 Nxb3 21. cxb3 b5 22.
axb5 axb5 23. b4 Bc6 24. Rc1 Qb7 25. Rfc2 Rbc8 26. Bf2 Nb8 27. Bf1 Na6 28. Na2
Bxe4 29. Rxc8 Rxc8 30. Rxc8 Qxc8 31. Bxb5 d5 32. h6 Nxb4 33. hxg7 Bc5 34. Nc3
Bxf2+ 35. Kxf2 Qc5+ 36. Kf1 Na2 37. Qg1 Qb4 38. Qa7 Nxc3 39. Qb8+ Kxg7 40. Qe5+
Kg6 0-1

[Event "BL 1213 SK Norderstedt - SG Turm Trier"]
[Site "?"]
[Date "2012.10.20"]
[Round "1.1"]
[White "Erdoes, Viktor"]
[Black "Salgado Lopez, Ivan"]
[Result "1/2-1/2"]
[WhiteElo "2637"]
[BlackElo "2627"]
[PlyCount "70"]
[EventDate "2012.??.??"]

1. d4 Nf6 2. c4 e6 3. Nc3 Bb4 4. Qc2 O-O 5. a3 Bxc3+ 6. Qxc3 b6 7. Bg5 h6 8.
Bh4 Ba6 9. Nf3 d6 10. e3 Nbd7 11. b4 g5 12. Bg3 Ne4 13. Qc2 Nxg3 14. hxg3 Kg7
15. d5 e5 16. Bd3 Bb7 17. e4 c5 18. dxc6 Bxc6 19. Nd2 a5 20. O-O axb4 21. axb4
Qc7 22. Rfd1 Nf6 23. Nf1 Qb7 24. f3 Rxa1 25. Rxa1 Ra8 26. Qb2 Rxa1 27. Qxa1 Bd7
28. Ne3 Be6 29. Kf2 Qb8 30. Bc2 Qb7 31. Qd1 Qc7 32. Ba4 Qa7 33. Bc2 Qc7 34. Ba4
Qa7 35. Bc2 Qc7 1/2-1/2

[Event "BL 1213 SK Norderstedt - SG Turm Trier"]
[Site "?"]
[Date "2012.10.20"]
[Round "1.2"]
[White "Kopylov, Mihail"]
[Black "Parligras, Mircea"]
[Result "1-0"]
[WhiteElo "2473"]
[BlackElo "2633"]
[PlyCount "77"]
[EventDate "2012.??.??"]

1. d4 Nf6 2. c4 e6 3. g3 c5 4. Nf3 cxd4 5. Nxd4 Qc7 6. Nc3 a6 7. Bg2 Qxc4 8.
O-O Nc6 9. Nb3 Qg4 10. h3 Qg6 11. e4 Be7 12. g4 d5 13. exd5 Nxd5 14. Nxd5 exd5
15. f4 h5 16. f5 Qh7 17. Bf4 hxg4 18. hxg4 g6 19. Qxd5 gxf5 20. Nc5 fxg4 21.
Rae1 Qh5 22. Qd6 O-O 23. Rxe7 Rd8 24. Nd7 Bxd7 25. Rxd7 Rxd7 26. Qxd7 Rd8 27.
Qc7 Qc5+ 28. Rf2 Rd1+ 29. Bf1 Kg7 30. Qxf7+ Kxf7 31. Be3+ Ke6 32. Bxc5 Ne5 33.
Kg2 Nf3 34. Kg3 Kd5 35. Kxg4 Nd2 36. Rf5+ Ke6 37. Bh3 b6 38. Kh4 Rh1 39. Rf2+
1-0

[Event "BL 1213 SK Norderstedt - SG Turm Trier"]
[Site "?"]
[Date "2012.10.20"]
[Round "1.4"]
[White "Petrosian, Suren"]
[Black "Lupulescu, Constantin"]
[Result "1/2-1/2"]
[WhiteElo "2384"]
[BlackElo "2613"]
[PlyCount "46"]
[EventDate "2012.??.??"]

1. e4 c6 2. d4 d5 3. exd5 cxd5 4. Bd3 Nc6 5. c3 Qc7 6. Ne2 Bg4 7. Qb3 Bxe2 8.
Bxe2 e6 9. Na3 Rc8 10. O-O a6 11. f4 Bd6 12. Qd1 Bxa3 13. bxa3 Nge7 14. Bd3 O-O
15. Rf3 Na5 16. a4 Qd6 17. Rb1 f5 18. Qe1 Ng6 19. Rb2 Rf6 20. Re2 Nc4 21. h3
Rc6 22. g4 Nf8 23. Rg3 Rc7 1/2-1/2

[Event "BL 1213 SK Norderstedt - SG Turm Trier"]
[Site "?"]
[Date "2012.10.20"]
[Round "1.5"]
[White "Sanikidze, Tornike"]
[Black "Polischuk, Viktor"]
[Result "0-1"]
[WhiteElo "2580"]
[BlackElo "2312"]
[PlyCount "98"]
[EventDate "2012.??.??"]

1. d4 Nf6 2. c4 c5 3. d5 b5 4. a4 b4 5. Nd2 e5 6. g3 d6 7. Bg2 g6 8. e4 Bg7 9.
Ne2 O-O 10. b3 Ne8 11. Bb2 Qe7 12. Qc2 f5 13. Bh3 Bd7 14. exf5 Bxf5 15. Bxf5
gxf5 16. O-O-O Nd7 17. Rde1 Ndf6 18. Nf4 Nc7 19. Ng2 Qd7 20. f4 e4 21. Nf1 Ng4
22. h3 Nh6 23. Nh4 Rae8 24. Bxg7 Qxg7 25. Kb1 Kh8 26. Qf2 Re7 27. Ne3 Ref7 28.
Qh2 Ne8 29. g4 fxg4 30. hxg4 Nxg4 31. Nxg4 Rxf4 32. Reg1 Rxg4 33. Rxg4 Qxg4 34.
Rg1 Qh5 35. Qb2+ Nf6 36. Ng2 Qe5 37. Qxe5 dxe5 38. Ne3 Nd7 39. Rg5 Rf3 40. Nf5
Rxb3+ 41. Ka2 Ra3+ 42. Kb2 Rf3 43. Nh6 Rf8 44. a5 e3 45. Kc2 e4 46. Rg3 b3+ 47.
Kd1 b2 48. Kc2 b1=Q+ 49. Kxb1 e2 0-1

[Event "BL 1213 SK Norderstedt - SG Turm Trier"]
[Site "?"]
[Date "2012.10.20"]
[Round "1.6"]
[White "Jochens, Arne"]
[Black "Cyborowski, Lukasz"]
[Result "0-1"]
[WhiteElo "2298"]
[BlackElo "2530"]
[PlyCount "60"]
[EventDate "2012.??.??"]

1. c4 c5 2. g3 Nc6 3. Bg2 g6 4. Nc3 Bg7 5. Nf3 d6 6. a3 Bd7 7. Rb1 Qc8 8. h3
Nd4 9. e4 Nxf3+ 10. Qxf3 Nf6 11. d3 Rb8 12. Bd2 O-O 13. b4 a6 14. Qe2 b5 15. g4
bxc4 16. dxc4 cxb4 17. axb4 Qc7 18. g5 Nh5 19. Nd5 Qd8 20. Qd3 e6 21. Nc3 Qc7
22. Ne2 d5 23. Rc1 dxc4 24. Rxc4 Qb7 25. Rc1 Bb5 26. Qe3 Rfd8 27. Nf4 Nxf4 28.
Qxf4 Rbc8 29. Rxc8 Qxc8 30. Bf1 Bc3 0-1

[Event "BL 1213 SK Norderstedt - SG Turm Trier"]
[Site "?"]
[Date "2012.10.20"]
[Round "1.7"]
[White "Gonda, Laszlo"]
[Black "Kahlert, Thomas"]
[Result "1/2-1/2"]
[WhiteElo "2528"]
[BlackElo "2230"]
[PlyCount "231"]
[EventDate "2012.??.??"]

1. c4 e5 2. g3 Nc6 3. Bg2 g6 4. Nc3 Bg7 5. d3 d6 6. e4 f5 7. Nge2 Nf6 8. O-O
O-O 9. Nd5 Be6 10. Bg5 Qd7 11. Qd2 Rae8 12. Rae1 Nh5 13. Be3 Nd4 14. exf5 Nxf5
15. Ndc3 b6 16. b4 c6 17. b5 cxb5 18. Nxb5 Nxe3 19. Qxe3 Nf6 20. Nec3 d5 21.
cxd5 Bh3 22. Bxh3 Qxh3 23. Qe2 Qd7 24. d6 Rc8 25. Qb2 a6 26. Qb3+ Kh8 27. Nc7
Qxd6 28. N7d5 Nxd5 29. Nxd5 Rfd8 30. Nxb6 Rb8 31. Nc4 Qxd3 32. Qxd3 Rxd3 33.
Nxe5 Ra3 34. Re2 Kg8 35. Rd1 Re8 36. f4 g5 37. Kg2 gxf4 38. gxf4 Ra5 39. Rde1
Bh6 40. Kf3 Ra3+ 41. Kg4 Ra4 42. Nd3 Rxe2 43. Rxe2 Rd4 44. Re3 Ra4 45. Re6 Bg7
46. Re2 Bh6 47. Kf5 Rd4 48. Re3 Ra4 49. Re8+ Kf7 50. Re2 Kf8 51. Rc2 Rd4 52.
Rc3 Ra4 53. Rc8+ Kg7 54. Rc2 Rd4 55. Rg2+ Kf8 56. Rg3 Ra4 57. Rh3 Kg7 58. Rg3+
Kf8 59. Kf6 Bxf4 60. Rg4 Rxa2 61. Rxf4 Rxh2 62. Ne5 Ke8 63. Ng4 Ra2 64. Ke6 Kd8
65. Rc4 Re2+ 66. Ne5 Re1 67. Rc2 a5 68. Rh2 a4 69. Rxh7 a3 70. Ra7 Re2 71. Rxa3
Re1 72. Rc3 Re2 73. Rc1 Re3 74. Kd6 Re2 75. Nc6+ Ke8 76. Rf1 Rd2+ 77. Ke6 Re2+
78. Ne5 Kd8 79. Rf7 Re1 80. Ra7 Re2 81. Ra1 Kc7 82. Rc1+ Kd8 83. Rd1+ Kc7 84.
Kd5 Kd8 85. Kd6 Ke8 86. Ke6 Kf8 87. Rg1 Re3 88. Rb1 Re2 89. Ra1 Kg7 90. Rf1 Kg8
91. Rf4 Re1 92. Kf6 Kf8 93. Ra4 Rf1+ 94. Ke6 Re1 95. Ra2 Kg7 96. Rf2 Kg8 97.
Rg2+ Kf8 98. Rg4 Re2 99. Rg1 Re3 100. Kf6 Re2 101. Rf1 Ke8 102. Rd1 Re3 103.
Nc4 Re2 104. Rd4 Re1 105. Rd2 Rf1+ 106. Ke6 Re1+ 107. Ne5 Kf8 108. Rd8+ Kg7
109. Rd7+ Kg8 110. Rd2 Kg7 111. Rf2 Kg8 112. Kf6 Kf8 113. Nd3 Re3 114. Nf4 Ke8
115. Rf1 Kd7 116. Ra1 1/2-1/2

[Event "BL 1213 SK Norderstedt - SG Turm Trier"]
[Site "?"]
[Date "2012.10.20"]
[Round "1.8"]
[White "Kues, Hendrik"]
[Black "Jaracz, Pawel"]
[Result "0-1"]
[WhiteElo "2134"]
[BlackElo "2541"]
[PlyCount "58"]
[EventDate "2012.??.??"]

1. c4 g6 2. g3 Bg7 3. Bg2 c5 4. Nc3 Nc6 5. a3 d6 6. Rb1 a5 7. d3 e5 8. Nf3 Nge7
9. O-O O-O 10. Ne1 Be6 11. Nc2 d5 12. cxd5 Nxd5 13. Nxd5 Bxd5 14. Bxd5 Qxd5 15.
b4 cxb4 16. axb4 a4 17. b5 Nd4 18. Nxd4 exd4 19. Ba3 Rfc8 20. Rb2 h5 21. h4 b6
22. f4 Rc3 23. Bb4 a3 24. Bxc3 dxc3 25. Rc2 Qxb5 26. Qa1 Qb3 27. Rfc1 b5 28.
Rxc3 Bxc3 29. Rxc3 Qb2 0-1

[Event "BL 1213 SC Forchheim - SG Solingen"]
[Site "?"]
[Date "2012.10.20"]
[Round "1.1"]
[White "Ragger, Markus"]
[Black "Jansa, Vlastimil"]
[Result "0-1"]
[WhiteElo "2655"]
[BlackElo "2451"]
[PlyCount "124"]
[EventDate "2012.??.??"]

1. Nf3 g6 2. e4 Bg7 3. d4 d6 4. Bc4 Nf6 5. Qe2 O-O 6. O-O Bg4 7. c3 Nc6 8. Bb5
Nd7 9. h3 Bxf3 10. Qxf3 e5 11. dxe5 Ncxe5 12. Qd1 Nc5 13. Qc2 a6 14. Be2 Re8
15. Be3 Ned7 16. Nd2 Qh4 17. Bf3 Ne5 18. Be2 Ned7 19. Bg4 Ne5 20. g3 Qe7 21.
Be2 Ned7 22. Bf3 h5 23. Bg2 h4 24. gxh4 Qxh4 25. Rae1 Re7 26. f4 Rae8 27. Bf2
Qh5 28. Bg3 f5 29. exf5 Qxf5 30. Qd1 Nf6 31. Rxe7 Rxe7 32. Re1 Rxe1+ 33. Qxe1
Nd3 34. Qe3 Nxb2 35. Ne4 Nd5 36. Qe2 Nxc3 37. Nxc3 Bxc3 38. Bxb7 Qxh3 39. Bf2
Bf6 40. Bxa6 Kg7 41. Bb5 Qf5 42. a4 Qxf4 43. Qe8 Qg4+ 44. Kf1 Nd1 45. Qd7+ Qxd7
46. Bxd7 Nxf2 47. Kxf2 Bc3 48. Ke3 Kf6 49. Ke4 Ke7 50. Bc6 Ke6 51. Bb7 Kd7 52.
Kd5 g5 53. Bc6+ Kc8 54. Kc4 Be1 55. Bf3 Kd7 56. Bg4+ Kc6 57. Bf3+ Kb6 58. Kd5
Bb4 59. Ke6 Kc5 60. Be2 Kd4 61. Kd7 c5 62. Kc6 c4 0-1

[Event "BL 1213 SC Forchheim - SG Solingen"]
[Site "?"]
[Date "2012.10.20"]
[Round "1.2"]
[White "Mons, Leon"]
[Black "Stellwagen, Daniel"]
[Result "1/2-1/2"]
[WhiteElo "2339"]
[BlackElo "2622"]
[PlyCount "99"]
[EventDate "2012.??.??"]

1. Nf3 Nf6 2. c4 g6 3. Nc3 Bg7 4. e4 d6 5. d4 O-O 6. Be2 e5 7. Be3 exd4 8. Nxd4
Re8 9. f3 c6 10. O-O d5 11. cxd5 Nxd5 12. Nxd5 cxd5 13. Rc1 a5 14. Kh1 a4 15.
Qd2 Nc6 16. Nxc6 bxc6 17. Rxc6 dxe4 18. Rd6 Qa5 19. fxe4 Qxd2 20. Rxd2 Be6 21.
b3 axb3 22. axb3 Bxb3 23. Bd4 Re7 24. Bxg7 Kxg7 25. Bf3 h5 26. Rb1 Be6 27. h3
Ra3 28. Kh2 Rc7 29. Rb6 Rcc3 30. Re2 Kh6 31. h4 Rxf3 32. gxf3 Rxf3 33. Kg1 Rf4
34. Rh2 Rxe4 35. Kf2 Kg7 36. Kg3 Rg4+ 37. Kf3 Kf6 38. Rb5 Bc4 39. Rc5 Ke6 40.
Ke3 Rg3+ 41. Kf4 Rg4+ 42. Ke3 Bb3 43. Rb5 Bd5 44. Ra5 Rg3+ 45. Kf4 Rg4+ 46. Ke3
Re4+ 47. Kd3 Rb4 48. Kc3 Rc4+ 49. Kd3 Rg4 50. Ke3 1/2-1/2

[Event "BL 1213 SC Forchheim - SG Solingen"]
[Site "?"]
[Date "2012.10.20"]
[Round "1.4"]
[White "Zwanzger, Johannes"]
[Black "Smeets, Jan"]
[Result "0-1"]
[WhiteElo "2326"]
[BlackElo "2613"]
[PlyCount "64"]
[EventDate "2012.??.??"]

1. e4 e5 2. Nf3 Nc6 3. Nc3 Nf6 4. g3 Bc5 5. Bg2 d6 6. d3 a6 7. Be3 Ng4 8. Bxc5
dxc5 9. O-O Be6 10. h3 Nh6 11. Kh2 f6 12. Qd2 Qd6 13. Ne2 Nf7 14. c3 O-O-O 15.
Rfd1 g5 16. d4 g4 17. hxg4 Bxg4 18. d5 Bxf3 19. Bxf3 h5 20. Qe3 Ne7 21. b4 cxb4
22. Qa7 Ng5 23. Bh1 h4 24. g4 Qb6 25. Qxb6 cxb6 26. cxb4 Ng6 27. Rf1 Kd7 28. f4
exf4 29. Nxf4 Ne5 30. Kg1 Nxg4 31. Nd3 Rhg8 32. Rf4 Nh3+ 0-1

[Event "BL 1213 SC Forchheim - SG Solingen"]
[Site "?"]
[Date "2012.10.20"]
[Round "1.6"]
[White "Bade, Joern"]
[Black "Lendermann, Aleksandr"]
[Result "0-1"]
[WhiteElo "2288"]
[BlackElo "2614"]
[PlyCount "66"]
[EventDate "2012.??.??"]

1. e4 c5 2. c3 Nf6 3. e5 Nd5 4. d4 cxd4 5. Nf3 e6 6. cxd4 d6 7. Nc3 Nxc3 8.
bxc3 Qc7 9. Qb3 Nd7 10. Bf4 dxe5 11. Bxe5 Nxe5 12. Nxe5 Bd6 13. Bb5+ Kf8 14. f4
g6 15. O-O Kg7 16. Rae1 b6 17. Bd3 Bb7 18. Be4 Bxe4 19. Rxe4 Rac8 20. Re3 Rhe8
21. Rfe1 Qb7 22. Qb5 a6 23. Qd3 b5 24. Rh3 f5 25. Qg3 Bxe5 26. fxe5 Rc7 27. Qg5
Rf8 28. Ree3 Kg8 29. Rh4 b4 30. cxb4 Rc1+ 31. Kf2 Qxb4 32. Re2 Qb1 33. Rf4 Rf1+
0-1

[Event "BL 1213 SC Forchheim - SG Solingen"]
[Site "?"]
[Date "2012.10.20"]
[Round "1.8"]
[White "Huemmer, Bernd"]
[Black "Andersen, Mads"]
[Result "0-1"]
[WhiteElo "2211"]
[BlackElo "2461"]
[PlyCount "76"]
[EventDate "2012.??.??"]

1. Nf3 Nf6 2. d4 d5 3. c3 e6 4. Bg5 c5 5. e3 Qb6 6. Qb3 Nc6 7. Nbd2 Be7 8. Bd3
c4 9. Qxb6 axb6 10. Bc2 b5 11. Ne5 h6 12. Bxf6 gxf6 13. Nxc6 bxc6 14. O-O b4
15. cxb4 Bxb4 16. Nb1 Ke7 17. Rd1 Bd7 18. b3 Rhb8 19. bxc4 dxc4 20. a4 e5 21.
Na3 Be6 22. h3 Bc3 23. Ra2 Bb2 24. dxe5 fxe5 25. Raa1 Bxa1 26. Rxa1 Rb2 27. Kf1
c3 28. Ke1 Bb3 29. Bxb3 Rxb3 30. Nc4 f6 31. e4 Rb4 32. Ne3 Rbxa4 33. Rc1 Ra1
34. Kd1 Rxc1+ 35. Kxc1 Ra2 36. Nd1 Kd6 37. g3 Kc5 38. Nxc3 Rxf2 0-1

[Event "BL 1213 Schachfr. Berlin - SV Wattensch"]
[Site "?"]
[Date "2012.10.20"]
[Round "1.1"]
[White "Najer, Evgeniy"]
[Black "Melkumyan, Hrant"]
[Result "1/2-1/2"]
[WhiteElo "2664"]
[BlackElo "2649"]
[PlyCount "118"]
[EventDate "2012.??.??"]

1. e4 e5 2. Nf3 Nc6 3. Bc4 Bc5 4. b4 Bxb4 5. c3 Ba5 6. d4 d6 7. Qb3 Qd7 8. dxe5
Bb6 9. Nbd2 dxe5 10. Ba3 Na5 11. Qb4 c5 12. Qb2 Nxc4 13. Nxc4 Qe6 14. Nfxe5 Nf6
15. Qb5+ Nd7 16. Rd1 a6 17. Qb3 Bc7 18. Nd6+ Bxd6 19. Qxe6+ fxe6 20. Nxd7 Bxd7
21. Rxd6 Rc8 22. Ke2 Bb5+ 23. Ke3 Bc4 24. Rb6 O-O 25. Rd1 Rf7 26. Rd2 Kf8 27.
Rd4 Bf1 28. Rxe6 Bxg2 29. f4 Re7 30. Rxe7 Kxe7 31. Rd5 Bh3 32. Bxc5+ Kf7 33. f5
Rc7 34. Kf4 g6 35. Bb6 Rxc3 36. Rd7+ Ke8 37. Rxh7 gxf5 38. exf5 Bf1 39. f6 Rc1
40. Rxb7 Bc4 41. a3 Rf1+ 42. Ke5 Re1+ 43. Kd4 Bf7 44. Bc5 Rd1+ 45. Ke3 Rd5 46.
Rc7 Rd7 47. Rc8+ Rd8 48. Rc6 Rd5 49. Bb4 Re5+ 50. Kf4 Re6 51. Rc7 Rxf6+ 52. Kg5
Re6 53. h4 Re2 54. Ra7 Bc4 55. h5 Re5+ 56. Kg4 a5 57. Bd6 Be2+ 58. Kf4 Re6 59.
Rxa5 Bxh5 1/2-1/2

[Event "BL 1213 Schachfr. Berlin - SV Wattensch"]
[Site "?"]
[Date "2012.10.20"]
[Round "1.2"]
[White "Kraemer, Martin"]
[Black "Bartel, Mateusz"]
[Result "1/2-1/2"]
[WhiteElo "2520"]
[BlackElo "2635"]
[PlyCount "57"]
[EventDate "2012.??.??"]

1. d4 d5 2. c4 c6 3. Nc3 dxc4 4. e4 b5 5. a4 b4 6. Nce2 Nf6 7. Ng3 Ba6 8. Nf3
e6 9. Ne5 Bd6 10. Bg5 Qa5 11. Bf4 c3 12. Bxa6 Qxa6 13. bxc3 bxc3 14. Qb3 O-O
15. Qxc3 c5 16. dxc5 Bc7 17. Qb2 Ba5+ 18. Bd2 Rd8 19. Bxa5 Qxa5+ 20. Ke2 Qxc5
21. Rhc1 Qf8 22. Qa3 Nfd7 23. Qxf8+ Kxf8 24. Nd3 Na6 25. Rc6 Ndb8 26. Rc4 Nd7
27. Rc6 Ndb8 28. Rc3 Nd7 29. Rc6 1/2-1/2

[Event "BL 1213 Schachfr. Berlin - SV Wattensch"]
[Site "?"]
[Date "2012.10.20"]
[Round "1.3"]
[White "Rustemov, Alexander"]
[Black "Schneider, Ilja"]
[Result "1-0"]
[WhiteElo "2544"]
[BlackElo "2489"]
[PlyCount "87"]
[EventDate "2012.??.??"]

1. Nf3 Nf6 2. c4 c6 3. Nc3 d5 4. e3 a6 5. Qc2 e6 6. d4 c5 7. cxd5 exd5 8. Be2
Nc6 9. O-O Be6 10. Rd1 Nb4 11. Qd2 Ne4 12. Nxe4 dxe4 13. a3 exf3 14. Bxf3 Nc6
15. d5 Ne5 16. dxe6 Nxf3+ 17. gxf3 fxe6 18. Qc2 Bd6 19. f4 O-O 20. Qe4 Qe7 21.
Bd2 Rad8 22. Bc3 Bb8 23. Kh1 Qf7 24. Rg1 g6 25. Rg5 Rd5 26. Rag1 Rf5 27. h4 Qd7
28. h5 Qd5 29. Qxd5 exd5 30. hxg6 d4 31. gxh7+ Kxh7 32. exd4 cxd4 33. Bxd4 b5
34. Rg7+ Kh6 35. R1g6+ Kh5 36. Rg3 Kh6 37. Rh3+ Rh5 38. Rh7+ Kxh7 39. Rxh5+ Kg6
40. Rg5+ Kh7 41. f5 Kh6 42. Be3 Kh7 43. Rh5+ Kg8 44. Bd4 1-0

[Event "BL 1213 Schachfr. Berlin - SV Wattensch"]
[Site "?"]
[Date "2012.10.20"]
[Round "1.6"]
[White "Berndt, Stephan"]
[Black "Handke, Florian"]
[Result "1/2-1/2"]
[WhiteElo "2443"]
[BlackElo "2556"]
[PlyCount "59"]
[EventDate "2012.??.??"]

1. e4 c5 2. Nf3 e6 3. d4 cxd4 4. Nxd4 a6 5. Bd3 Bc5 6. Nb3 Be7 7. O-O d6 8. c4
Nf6 9. Nc3 O-O 10. Be3 b6 11. f3 Bb7 12. Qd2 Qc7 13. Rfc1 Nbd7 14. Nd4 Rac8 15.
Bf1 Rfe8 16. Kh1 Qb8 17. Rab1 Bd8 18. b4 Bc7 19. Na4 Qa8 20. c5 dxc5 21. bxc5
bxc5 22. Nxc5 Nxc5 23. Rxc5 Nd7 24. Rcc1 Bb6 25. Nb3 Bxe3 26. Qxe3 Rxc1 27.
Rxc1 Rc8 28. Rd1 Bc6 29. Rd6 Nf8 30. Qd2 1/2-1/2